Statistiques concernant Départements français dont l'altitude minimale est supérieure à 200m

Cliquez ici pour prendre le quiz!

Statistiques générales

  • Ce quiz a été pris 157 fois
  • Le résultat moyen est 6 sur 8

Statistiques - réponses

Altitude MiniDépartement% Correct
207mSavoie
97%
250mHaute-Savoie
96%
460mHautes-Alpes
91%
256mAlpes-de-Haute-Provence
80%
256mPuy-de-Dôme
76%
227mVosges
68%
393mHaute-Loire
49%
324mTerritoire de Belfort
20%

Distribution des résultats

Percentile par nombre de réponses

% des personnes avec chaque résultat

Votre développement - résultats

Vous n’avez pas pris ce quiz